• 首页
  • 本馆介绍
  • 公告通知
  • 最新文献
  • 馆藏检索
  • 电子资源
  • 读者导购
  • 参考咨询
  • 我的图书馆
  • 登录
  • 详细信息显示
  • 放入我的书架
  • 预约/预借图书
  • 作者相关作品
  • 分类相关作品
  • 丛书相关作品
  • 出版社相关作品

书目信息

  • 表格格式
  • 工作单格式
  • 卡片格式
题名:
亡命排
    
 
作者: 帕内尔 , 布鲁宁 著 ;小小冰人 译
分册:  
出版信息: 北京   人民日报出版社  2012.09
页数: 276页
开本: 24cm
丛书名: 指文
单 册:
中图分类: D815.4
科图分类:
主题词: 阿富汗问题--史料 , 阿富汗问题
电子资源:
ISBN: 978-7-5115-1335-9
000 01235oam2 2200313 450
001 010050016930
005 20130504153020.96
010    @a978-7-5115-1335-9@dCNY49.80
100    @a20121107d2012 em y0chiy50 ea
101 1  @achi@ceng
102    @aCN@b110000
105    @aa z 000ay
106    @ar
200 1  @a亡命排@9wang ming pai@e阿富汗战争中的英雄、叛徒、异见者和手足情@f(美)肖恩·帕内尔(Sean Parnell),(美)约翰·R·布鲁宁著@g小小冰人译
210    @a北京@c人民日报出版社@d2012.09
215    @a276页@c图@d24cm
225 2  @a指文@i士兵系列@v002
305    @a由著作者肖恩·帕内尔及哈珀·柯林斯出版集团授权
330    @a本书分为法外之地;春季攻势;令人不快的夏季;不屈不挠四部分,主要内容包括:坚毅的面孔;被隔离的囚徒;长长的黑手等。
462  0 @12001 @a士兵系列@v002
517 1  @a阿富汗战争中的英雄、叛徒、异见者和手足情@9a fu han zhan zheng zhong de ying xiong、pan tu、yi jian zhe he shou zu qing
606 0  @a阿富汗问题@x史料
606 0  @a阿富汗问题
690    @aD815.4@v5
701  0 @c(美)@a帕内尔@9pa nei er@c(Parnell, Sean)@4著
701  1 @c(美)@a布鲁宁@9bu lu ning@b约翰·R@4著
702  0 @a小小冰人@9xiao xiao bing ren@4译
801  0 @aCN@bRENTIAN@c20121107
905    @b543108-12@dD815.4@e104@f5
    
    亡命排:阿富汗战争中的英雄、叛徒、异见者和手足情/(美)肖恩·帕内尔(Sean Parnell),(美)约翰·R·布鲁宁著/小小冰人译.-北京:人民日报出版社,2012.09
    276页:图;24cm.-(指文.士兵系列;002)
    
    
    ISBN 978-7-5115-1335-9:CNY49.80
    本书分为法外之地;春季攻势;令人不快的夏季;不屈不挠四部分,主要内容包括:坚毅的面孔;被隔离的囚徒;长长的黑手等。
●
相关链接 在E读中查询图书 在五车中查询图书 在当当中查询图书 在豆瓣中查询图书


正题名:亡命排     索取号:D815.4/104         预约/预借

序号 登录号 条形码 馆藏地/架位号 状态 备注
1 543108   205431086   第一样本阅览室/ [索取号:D815.4/104] 在馆    
2 543109   205431095   第一借阅区/ [索取号:D815.4/104] 在馆    
3 543110   205431102   第一借阅区/ [索取号:D815.4/104] 在馆    
4 543111   205431111   第一借阅区/ [索取号:D815.4/104] 在馆    
5 543112   205431120   第一借阅区/ [索取号:D815.4/104] 在馆    
唐山师范学院图书馆 欢迎您!
大连网信软件有限公司© 版权所有